Normal view
MARC view
- Jorge V. Jose
Entry Personal Name
001 - CONTROL NUMBER
- control field: 124923
003 - CONTROL NUMBER IDENTIFIER
- control field: NUST
005 - DATE AND TIME OF LATEST TRANSACTION
- control field: 20240731153622.0
008 - FIXED-LENGTH DATA ELEMENTS
- fixed length control field: 240731|| aca||aabn | a|a d
040 ## - CATALOGING SOURCE
- Original cataloging agency: NUST
- Transcribing agency: NUST
100 ## - HEADING--PERSONAL NAME
- Personal name: Jorge V. Jose
670 ## - SOURCE DATA FOUND
- Source citation: Work cat.: (NUST): Jorge V. Jose, Classical Dynamics , 2002.
